Επίκαιρα διδάγματα εκ των πολιτικών του Αριστοτέλους : (διάλεξις γενομένη εν τη αιθούση της Εταιρείας Μακεδονικών Σπουδών)

Αποθηκεύτηκε σε:
Λεπτομέρειες βιβλιογραφικής εγγραφής
Κύριος συγγραφέας: Κυριακίδης, Στίλπων Π., 1887-1964
Μορφή: Βιβλίο
Γλώσσα:Greek
Δημοσίευση: Θεσσαλονίκη : Εταιρεία Μακεδονικών Σπουδών, 1952
Σειρά:Μακεδονική λαϊκή βιβλιοθήκη ; 5
Θέματα:
Ετικέτες: Προσθήκη ετικέτας
Δεν υπάρχουν, Καταχωρήστε ετικέτα πρώτοι!

MARC

LEADER 00000cam a2200000 i 4500
001 1/95082
008 081008s1952 gre d
035 |l 10100715 
040 |a GR-MY-UA  |b gre  |e aacr 
041 0 |a gre 
082 0 |a 320.01  |2 (22) 
100 1 |a Κυριακίδης, Στίλπων Π.,   |d 1887-1964. 
245 1 0 |a Επίκαιρα διδάγματα εκ των πολιτικών του Αριστοτέλους :  |b (διάλεξις γενομένη εν τη αιθούση της Εταιρείας Μακεδονικών Σπουδών) /  |c Στίλπωνος Π. Κυριακίδου 
260 |a Θεσσαλονίκη :   |b Εταιρεία Μακεδονικών Σπουδών,   |c 1952 
300 |a 23 σ.;  |c 24 εκ. 
490 1 |a (Μακεδονική λαϊκή βιβλιοθήκη ;   |v 5) 
600 0 7 |2 nlgaf  |a Αριστοτέλης,   |d 384-322 π.Χ. 
650 0 0 |a Political science  |x Philosophy. 
650 0 0 |a Lectures and lecturing. 
830 0 |a Μακεδονική λαϊκή βιβλιοθήκη ;  |v 5 
852 |a INST  |b RHODES  |c AKA  |e 20081008  |h  320.01 ΚΥΡ  |p 005400030910  |q 005400030910  |t BK  |y 0 
901 |a BIBL4-2008-3 
970 |a ΚΟΖΑ  |b ΜΑΡΙΑ  |z 2008/10/08